The Marine Corps Quiz - Statistics

General Stats
  • This quiz has been taken 530 times
    474 since last reset
  • The average score is 11 of 21
Answer Stats
Hint Answer % Correct
The Marines are a part of this military branch Navy
95%
Official motto, meaning "Always faithful" Semper Fidelis
91%
The Mount Suribachi flag raising in 1945 happened on this island Iwo Jima
75%
Symbols found on the Marine Corps emblem Eagle
73%
Symbols found on the Marine Corps emblem Anchor
71%
Symbols found on the Marine Corps emblem Globe
65%
Recruit Training Locations Parris Island
62%
Corpsmen (part of the above) work in this field not offered by the Marines Medicine
61%
Nickname acquired during the Battle of Belleau Wood in WWI Devil Dogs
59%
Formed on November 10, 1775 at Tun Tavern in this city Philadelphia
59%
Recruit Training Locations San Diego
58%
No matter their MOS, every Marine is seen as this first and foremost a Rifleman
50%
Location of 2nd Marine Division Camp Lejeune
41%
Most decorated Marine, with 5 Navy Crosses Chesty Puller
39%
Location of 3rd Marine Division Okinawa
39%
Location of 1st Marine Division Camp Pendleton
38%
Korean War battle where Marines were surrounded, cut off from supplies, and exposed to sub-zero temperatures for weeks Chosin Reservoir
37%
Only Marines to recieve two Medals of Honor Dan Daly
30%
Only Marines to recieve two Medals of Honor Smedley Butler
28%
The Grand Old Man of the Marine Corps, serving 38 years as commandant Archibald Henderson
24%
First female Marine Opha May Johnson
22%
No matching quizzes found
Score Distribution
Percent of People with Each Score
Percentile by Number Answered
Your Score History
You have not taken this quiz since the last reset